[Event "2BLS 2324 Heilbronner SV - SK Schmiden/C"]
[Site "?"]
[Date "2024.02.03"]
[Round "5.6"]
[White "Degenhard, Simon"]
[Black "Loehr, Markus"]
[Result "1/2-1/2"]
[WhiteElo "2233"]
[BlackElo "2197"]
[PlyCount "104"]
[EventDate "2024.??.??"]

1. e4 c6 2. d4 d5 3. exd5 cxd5 4. c4 Nf6 5. Nc3 Nc6 6. Bg5 Be6 7. a3 g6 8. Bxf6 exf6 9. cxd5 Bxd5 10. Qe2+ Ne7 11. Nxd5 Qxd5 12. Qb5+ Qxb5 13. Bxb5+ Kd8 14. Ke2 Rc8 15. Kd3 Nf5 16. Bc4 Nd6 17. Bd5 h5 18. Ne2 Bh6 19. Nc3 Re8 20. a4 a6 21. a5 Rc7 22. Rhe1 f5 23. Rxe8+ Kxe8 24. Ra4 Bg7 25. Bf3 Rd7 26. Rb4 Kd8 27. Bd5 Bf6 28. Bb3 Bg7 29. Ra4 Bf8 30. Ra1 Bg7 31. Ra4 Bf8 32. Ra1 Bg7 33. Nd5 Nb5 34. Ra4 Rd6 35. f3 Rd7 36. h3 Rd6 37. Rb4 Rd7 38. Nb6 Rxd4+ 39. Rxd4+ Bxd4 40. Bxf7 Bxb2 41. Bxg6 h4 42. Bxf5 Nd6 43. Be6 Ke7 44. Bd5 Be5 45. Na4 Bg3 46. Nc5 Bf2 47. Nb3 b6 48. Ke2 Bg1 49. f4 bxa5 50. Nxa5 Kf6 51. Nc6 Nb5 52. Bc4 Nd4+ 1/2-1/2

[Event "2BLS 2324 Heilbronner SV - SK Schmiden/C"]
[Site "?"]
[Date "2024.02.03"]
[Round "5.7"]
[White "Thoma, Christian"]
[Black "Pogan, Nikolas"]
[Result "0-1"]
[WhiteElo "2212"]
[BlackElo "2204"]
[PlyCount "86"]
[EventDate "2024.??.??"]

1. d4 d5 2. c4 c6 3. Nc3 Nf6 4. Nf3 a6 5. e3 g6 6. Be2 Bg7 7. O-O O-O 8. a4 b6 9. Bd2 Bb7 10. Qb3 Nbd7 11. cxd5 cxd5 12. Rac1 Qb8 13. Rc2 e6 14. Rfc1 Rc8 15. a5 b5 16. Na2 Rxc2 17. Qxc2 Ne8 18. Bb4 Qd8 19. Nd2 Rc8 20. Qd1 Nb8 21. Nb3 Rxc1 22. Qxc1 Nc6 23. Nc5 Qc7 24. Nb3 Bf6 25. Qc3 Bd8 26. f4 Bc8 27. Nac1 Nxb4 28. Qxb4 Nd6 29. Nd3 Nc4 30. Kf2 Nxa5 31. Nxa5 Qxa5 32. Qc5 Qc7 33. b4 f6 34. g4 Kf7 35. Bf3 Qxc5 36. Nxc5 a5 37. bxa5 Bxa5 38. f5 exf5 39. Bxd5+ Ke7 40. Bb7 Bxb7 41. Nxb7 Bb6 42. gxf5 gxf5 43. Ke2 Kd7 0-1

[Event "2BLS 2324 Heilbronner SV - SK Schmiden/C"]
[Site "?"]
[Date "2024.02.03"]
[Round "5.8"]
[White "Huber, Philipp"]
[Black "Scheeff, Volker"]
[Result "1-0"]
[WhiteElo "2292"]
[BlackElo "1997"]
[PlyCount "121"]
[EventDate "2024.??.??"]

1. d4 d5 2. Nc3 Nf6 3. Bf4 a6 4. e3 Bf5 5. f3 e6 6. g4 Bg6 7. h4 h6 8. Bd3 Bxd3 9. cxd3 Nc6 10. Qd2 Bd6 11. Qh2 h5 12. g5 Ng8 13. Nge2 Nge7 14. e4 g6 15. a3 Bxf4 16. Qxf4 Qd7 17. Kf2 O-O 18. Rac1 dxe4 19. dxe4 Nxd4 20. Rhd1 c5 21. Qe5 Nec6 22. Qxc5 e5 23. Nxd4 exd4 24. Nd5 Kg7 25. Kg2 Rad8 26. Qb6 f6 27. Nxf6 Rxf6 28. gxf6+ Kxf6 29. Rc5 Qe7 30. Rg5 Kg7 31. Qc5 Qf6 32. Qf5 Qxf5 33. exf5 Ne5 34. b3 Kf6 35. fxg6 Nxg6 36. Kg3 d3 37. Rxh5 Rd4 38. Rd2 Ne7 39. Rh6+ Ke5 40. f4+ Kf5 41. Rh5+ Kf6 42. Rh7 b5 43. Rh6+ Kf5 44. Rxa6 Nd5 45. Rd6 Ke4 46. Re6+ Kf5 47. Re5+ Kf6 48. Rxd5 Rxd5 49. Kf3 Rh5 50. Rxd3 Rxh4 51. Ke4 Ke6 52. Rg3 Kd6 53. b4 Rh6 54. Rd3+ Ke7 55. f5 Rh1 56. Rf3 Kf6 57. Kd4 Rc1 58. Rc3 Re1 59. Rc5 Ra1 60. Rxb5 Rxa3 61. Rd5 1-0

[Event "2BLS 2324 TSV Schott Mainz - SV 1947 Wal"]
[Site "?"]
[Date "2024.02.03"]
[Round "5.2"]
[White "Lobron, Eric"]
[Black "Gschnitzer, Adrian"]
[Result "1/2-1/2"]
[WhiteElo "2476"]
[BlackElo "2409"]
[PlyCount "65"]
[EventDate "2024.??.??"]

1. d4 d5 2. c4 e6 3. Nc3 a6 4. cxd5 exd5 5. Qb3 c5 6. Qxd5 cxd4 7. Qxd8+ Kxd8 8. Nd5 Be6 9. e4 dxe3 10. Bxe3 Bxd5 11. O-O-O Ne7 12. Bc4 Nd7 13. Bxd5 Rc8+ 14. Kb1 Nxd5 15. Rxd5 Bc5 16. Bf4 Re8 17. Nf3 Re7 18. Rhd1 Ke8 19. Rc1 Rc6 20. Bd6 Bxd6 21. Rxc6 bxc6 22. Rxd6 Re2 23. Rxc6 Rxf2 24. Rxa6 Rxg2 25. a4 Kd8 26. a5 Kc8 27. Rc6+ Kb7 28. Nd4 Nb8 29. Rb6+ Ka8 30. b4 Rxh2 31. Nb5 Rh6 32. Nc7+ Ka7 33. Nb5+ 1/2-1/2

[Event "2BLS 2324 TSV Schott Mainz - SV 1947 Wal"]
[Site "?"]
[Date "2024.02.03"]
[Round "5.3"]
[White "Muckle, Julius"]
[Black "Cicak, Slavko"]
[Result "0-1"]
[WhiteElo "2396"]
[BlackElo "2495"]
[PlyCount "58"]
[EventDate "2024.??.??"]

1. d4 Nf6 2. c4 g6 3. Nc3 Bg7 4. e4 O-O 5. Be3 Nc6 6. f3 e5 7. d5 Nd4 8. Nge2 c5 9. dxc6 dxc6 10. Nxd4 exd4 11. Bxd4 Nxe4 12. Bxg7 Qh4+ 13. g3 Nxg3 14. Bf6 Re8+ 15. Ne4 Rxe4+ 16. fxe4 Qxe4+ 17. Kf2 Bg4 18. Qd3 Nxh1+ 19. Kg1 Nf2 20. Qg3 Nd1 21. Bd3 Qe6 22. Bg5 Re8 23. Bd2 Qd7 24. h3 Qd4+ 25. Kh2 Qxb2 26. Qf4 Ne3 27. Qf2 Qxa1 28. Bxe3 Qc3 29. Qd2 Qxd2+ 0-1

[Event "2BLS 2324 TSV Schott Mainz - SV 1947 Wal"]
[Site "?"]
[Date "2024.02.03"]
[Round "5.4"]
[White "Barzen, Pascal"]
[Black "Faerber, David"]
[Result "0-1"]
[WhiteElo "2265"]
[BlackElo "2385"]
[PlyCount "98"]
[EventDate "2024.??.??"]

1. e4 e5 2. Nf3 Nc6 3. Bb5 a6 4. Ba4 Nf6 5. O-O d6 6. Re1 Bd7 7. c3 g6 8. d4 Bg7 9. Nbd2 O-O 10. Nf1 exd4 11. cxd4 b5 12. Bc2 Bg4 13. Be3 Nh5 14. d5 Ne5 15. N1d2 Nxf3+ 16. Nxf3 Bxb2 17. Rb1 Bc3 18. h3 Bxf3 19. Qxf3 Bxe1 20. Rxe1 Qf6 21. Qd1 Rae8 22. Qd2 Qe7 23. Bd4 Ng7 24. Qc3 f6 25. Re3 Rf7 26. Qc6 Qd7 27. Qxa6 f5 28. e5 dxe5 29. Rxe5 Rxe5 30. Bxe5 Ne8 31. Qa8 Rf8 32. Qa7 Nd6 33. Bc3 Kf7 34. Qd4 Ne4 35. Bxe4 fxe4 36. Qxe4 Qf5 37. Qh4 Ke8 38. Qd4 Rf7 39. a3 Qf4 40. Qe3+ Qxe3 41. fxe3 Kd7 42. e4 c6 43. dxc6+ Kxc6 44. Bb4 Rf4 45. e5 Kd5 46. Bd6 Rf5 47. Kh2 Rxe5 48. Bf8 Re3 49. g4 Kc4 0-1

[Event "2BLS 2324 TSV Schott Mainz - SV 1947 Wal"]
[Site "?"]
[Date "2024.02.03"]
[Round "5.5"]
[White "Gschnitzer, Oswald"]
[Black "Schenderowitsch, Michael"]
[Result "1-0"]
[WhiteElo "2344"]
[BlackElo "2258"]
[PlyCount "123"]
[EventDate "2024.??.??"]

1. d4 d5 2. Nf3 Nf6 3. c4 e6 4. Nc3 h6 5. g3 a6 6. Bg2 Be7 7. O-O O-O 8. b3 c5 9. cxd5 Nxd5 10. Nxd5 exd5 11. dxc5 Bxc5 12. Bb2 Nc6 13. Qd3 Be7 14. Rfd1 Be6 15. Nd4 Nxd4 16. Qxd4 Bf6 17. Qd2 Rc8 18. Rac1 Rxc1 19. Qxc1 Bxb2 20. Qxb2 Qa5 21. Qd2 Qxd2 22. Rxd2 Rc8 23. Bxd5 Bxd5 24. Rxd5 Rc2 25. a4 Rxe2 26. Rd8+ Kh7 27. Rd7 f6 28. Rxb7 a5 29. h4 Kg6 30. Rb5 Rb2 31. h5+ Kf7 32. Rb7+ Kg8 33. Kg2 Kh7 34. Kf3 Kg8 35. Ke3 Kf8 36. f3 Rb1 37. Kf4 Kg8 38. Rb5 Kf7 39. Kf5 Rf1 40. Kf4 Rb1 41. g4 Kg8 42. Ke4 Kh7 43. Kd3 Rf1 44. Rf5 Kg8 45. Kc3 Rf2 46. b4 axb4+ 47. Kxb4 Kf7 48. a5 Ke6 49. a6 Rb2+ 50. Kc5 Kd7 51. a7 Rc2+ 52. Kb6 Rc6+ 53. Kb5 Rc8 54. Rd5+ Ke6 55. Rc5 Rd8 56. Kb6 f5 57. Rxf5 Rd6+ 58. Kb5 Rd8 59. Rc5 Kd6 60. Kb6 Ra8 61. Rc3 Rf8 62. Ra3 1-0

[Event "2BLS 2324 TSV Schott Mainz - SV 1947 Wal"]
[Site "?"]
[Date "2024.02.03"]
[Round "5.6"]
[White "Steinacker, Alex"]
[Black "Tompa, Janos"]
[Result "1-0"]
[WhiteElo "2312"]
[BlackElo "2278"]
[PlyCount "85"]
[EventDate "2024.??.??"]

1. g3 e5 2. c4 Nf6 3. Bg2 d5 4. cxd5 Nxd5 5. Nc3 Nb6 6. Nf3 Nc6 7. O-O Be7 8. d3 O-O 9. Be3 Re8 10. Na4 Bf8 11. Rc1 Nd4 12. Nc5 Bxc5 13. Rxc5 Qd6 14. b4 Nf5 15. Bd2 c6 16. Qc2 f6 17. Rd1 Be6 18. e4 Nd4 19. Nxd4 Qxd4 20. Bc3 Qd7 21. d4 Rad8 22. d5 cxd5 23. exd5 Na4 24. Ra5 Nxc3 25. Qxc3 b6 26. Ra3 Rc8 27. Qb3 Red8 28. Bf3 Bf7 29. Qb2 Rc4 30. d6 Qb5 31. Rxa7 Rxb4 32. Qa3 Rb1 33. Ra8 Rxd1+ 34. Bxd1 Qe8 35. Ra7 Bd5 36. Re7 Qg6 37. d7 Qb1 38. Qa4 b5 39. Qg4 Bf7 40. Kg2 Kf8 41. Rxf7+ Kxf7 42. Bb3+ Kf8 43. Qb4# 1-0

[Event "2BLS 2324 TSV Schott Mainz - SV 1947 Wal"]
[Site "?"]
[Date "2024.02.03"]
[Round "5.7"]
[White "Fichter, Fabian"]
[Black "Goebel, Constantin"]
[Result "1/2-1/2"]
[WhiteElo "2281"]
[BlackElo "2257"]
[PlyCount "136"]
[EventDate "2024.??.??"]

1. e4 c5 2. Nf3 Nc6 3. Bb5 e6 4. Bxc6 bxc6 5. d3 Ne7 6. h4 d6 7. h5 e5 8. Nh4 Be6 9. g4 Qd7 10. f3 g6 11. Ng2 Bg7 12. h6 Bf8 13. g5 Ng8 14. Nc3 f6 15. Qe2 Be7 16. Bd2 fxg5 17. O-O-O Qd8 18. Rh2 Rb8 19. b3 Rb7 20. Na4 Bf8 21. Rdh1 Rf7 22. Ne1 Be7 23. Rg1 Nf6 24. Bxg5 O-O 25. Kb2 d5 26. Rhg2 Qd6 27. Be3 d4 28. Bg5 Rb8 29. Kb1 Bf8 30. f4 Kh8 31. Nf3 Nd7 32. f5 gxf5 33. Bd8 Nf6 34. exf5 Bd5 35. Qxe5 Qxe5 36. Nxe5 Rxd8 37. Nxf7+ Bxf7 38. Re2 Rd5 39. Rf1 Rd8 40. Kb2 Ng4 41. f6 Nxh6 42. Re5 Rd5 43. Rfe1 Rxe5 44. Rxe5 Ng4 45. Rg5 Nxf6 46. Nxc5 Bxc5 47. Rxc5 Bd5 48. c4 dxc3+ 49. Kxc3 h5 50. Ra5 h4 51. Ra4 h3 52. Rh4+ Kg7 53. Rxh3 Kf8 54. Rh4 Ke7 55. Ra4 Kd6 56. Rxa7 Kc5 57. Rb7 Be6 58. b4+ Kd6 59. a4 Nd5+ 60. Kd2 Bc8 61. Rh7 Nxb4 62. Rh5 Kc7 63. Kc3 Nd5+ 64. Kd4 Kb6 65. a5+ Kxa5 66. Kc5 Nb4 67. Kc4+ Ka4 68. Kc5 Nxd3+ 1/2-1/2

[Event "2BLS 2324 TSV Schott Mainz - SV 1947 Wal"]
[Site "?"]
[Date "2024.02.03"]
[Round "5.8"]
[White "Lisanti, Andre"]
[Black "Hauser, Carlos"]
[Result "1-0"]
[WhiteElo "2223"]
[BlackElo "2216"]
[PlyCount "85"]
[EventDate "2024.??.??"]

1. d4 d5 2. c4 c6 3. Nc3 Nf6 4. Nf3 dxc4 5. a4 Bf5 6. e3 e6 7. Bxc4 Bb4 8. Qb3 Qe7 9. a5 O-O 10. Ra4 Bd6 11. O-O Qc7 12. g3 Nbd7 13. Be2 a6 14. Nh4 Bh3 15. Rd1 e5 16. Qc2 exd4 17. exd4 g6 18. Bf3 Rfe8 19. Bg5 Re6 20. Qc1 Rae8 21. Ng2 b5 22. axb6 Qxb6 23. Ne3 Bf8 24. Be2 h6 25. Bf4 Nd5 26. Ncxd5 cxd5 27. Rxa6 Qb7 28. Rxe6 Bxe6 29. Bg4 Rc8 30. Qb1 Bxg4 31. Nxg4 g5 32. Be5 Bg7 33. Qf5 Nxe5 34. dxe5 Re8 35. Rd2 Qb4 36. Rxd5 Qxb2 37. h3 Qc1+ 38. Kh2 Qc4 39. Ne3 Qc3 40. Rd7 Rf8 41. Ng4 Qc4 42. Rd6 Re8 43. Nxh6+ 1-0

[Event "2BLS 2324 SV 1920 Hofheim - SC Viernheim"]
[Site "?"]
[Date "2024.02.03"]
[Round "5.1"]
[White "Buhmann, Rainer"]
[Black "Bosiocic, Marin"]
[Result "1-0"]
[WhiteElo "2563"]
[BlackElo "2549"]
[PlyCount "79"]
[EventDate "2024.??.??"]

1. d4 Nf6 2. Nf3 d5 3. c4 e6 4. Nc3 Nbd7 5. e3 a6 6. c5 Ne4 7. Bd3 f5 8. Ne2 g5 9. b4 a5 10. b5 Bg7 11. Rb1 O-O 12. O-O c6 13. Bb2 g4 14. Ne1 e5 15. f3 gxf3 16. Nxf3 Bh6 17. Bc1 Qe7 18. Kh1 a4 19. Bc2 a3 20. Rb3 cxb5 21. Rxb5 b6 22. c6 Ndf6 23. Nxe5 Ba6 24. Rxb6 Bc4 25. Nxc4 dxc4 26. Qe1 Kh8 27. Rb5 Nd6 28. Re5 Qf7 29. Ng3 Ng4 30. Rc5 f4 31. exf4 Qf6 32. Qd1 Rg8 33. Rh5 Rae8 34. Qf3 Qg7 35. Rh4 Nf6 36. Bxa3 Nb5 37. Nf5 Qa7 38. Bc5 Qxa2 39. Bb1 Qe2 40. Nxh6 1-0

[Event "2BLS 2324 SV 1920 Hofheim - SC Viernheim"]
[Site "?"]
[Date "2024.02.03"]
[Round "5.2"]
[White "Saric, Ante"]
[Black "Velten, Paul"]
[Result "1/2-1/2"]
[WhiteElo "2511"]
[BlackElo "2460"]
[PlyCount "108"]
[EventDate "2024.??.??"]

1. Nf3 Nf6 2. c4 g6 3. Nc3 Bg7 4. e4 d6 5. d4 O-O 6. Be2 e5 7. O-O Bg4 8. Be3 Bxf3 9. Bxf3 exd4 10. Bxd4 Nc6 11. Be3 Nd7 12. Qd2 Nc5 13. Rae1 Re8 14. g3 a5 15. Bg2 a4 16. Nb5 Qc8 17. Qc2 Na7 18. Nxa7 Rxa7 19. f4 b6 20. e5 dxe5 21. Bc6 Re6 22. Bd5 Re8 23. Bxc5 bxc5 24. Qg2 exf4 25. Bxf7+ Kxf7 26. Qd5+ Re6 27. Rxf4+ Bf6 28. Ref1 Kg7 29. Qxc5 Raa6 30. Rxf6 Rxf6 31. Qe7+ Kg8 32. Rxf6 Rxf6 33. Qxf6 Qd7 34. Qe5 Qd1+ 35. Kf2 Qd7 36. Qe2 Qd4+ 37. Kg2 c5 38. Qc2 Qe3 39. h4 Qe5 40. Kf2 Qf6+ 41. Kg2 Qe5 42. Kh2 Kf7 43. Qf2+ Ke6 44. a3 h5 45. Kg1 Qe4 46. Qxc5 Qb1+ 47. Kf2 Qxb2+ 48. Kf3 Qb3+ 49. Kf4 Qb8+ 50. Kf3 Qb7+ 51. Ke3 Qb3+ 52. Kf4 Qb8+ 53. Ke4 Qb1+ 54. Kf4 Qb8+ 1/2-1/2

[Event "2BLS 2324 SV 1920 Hofheim - SC Viernheim"]
[Site "?"]
[Date "2024.02.03"]
[Round "5.3"]
[White "Tarlev, Konstantin"]
[Black "Sumets, Andrey"]
[Result "1/2-1/2"]
[WhiteElo "2581"]
[BlackElo "2520"]
[PlyCount "95"]
[EventDate "2024.??.??"]

1. e4 c6 2. d4 d5 3. e5 Bf5 4. Nf3 e6 5. Be2 Ne7 6. c3 h6 7. a4 Nd7 8. O-O c5 9. dxc5 Nxc5 10. Nd4 Bh7 11. Nd2 Nc6 12. N2f3 Be7 13. Nxc6 bxc6 14. Nd4 Rc8 15. b4 Ne4 16. Ba6 Rc7 17. Qg4 O-O 18. Bxh6 Bg6 19. Be3 c5 20. bxc5 Bxc5 21. h4 Bf5 22. Qf4 Nxc3 23. Rfc1 Be7 24. Nxf5 exf5 25. Bd4 Ne4 26. Qxf5 Bc5 27. Bxc5 Nxc5 28. Bf1 Qxh4 29. Ra3 g6 30. Rh3 gxf5 31. Rxh4 Rfc8 32. Rd4 Ne4 33. Rxc7 Rxc7 34. Rxd5 Rc1 35. g3 Ra1 36. a5 Kf8 37. Rd7 a6 38. Kg2 Rxa5 39. Bc4 Rxe5 40. Rxf7+ Ke8 41. Ra7 a5 42. Bd3 Ng5 43. Bc2 Rc5 44. Bb1 Rb5 45. Bd3 Rc5 46. Kf1 Kf8 47. Rb7 f4 48. gxf4 1/2-1/2

[Event "2BLS 2324 SV 1920 Hofheim - SC Viernheim"]
[Site "?"]
[Date "2024.02.03"]
[Round "5.5"]
[White "Muetsch, Annmarie"]
[Black "Ginsburg, Gennadi"]
[Result "0-1"]
[WhiteElo "2294"]
[BlackElo "2420"]
[PlyCount "100"]
[EventDate "2024.??.??"]

1. d4 Nf6 2. Bg5 Ne4 3. h4 h6 4. Bf4 d5 5. Nd2 Bf5 6. Nxe4 Bxe4 7. f3 Bh7 8. e3 e6 9. Bd3 Nc6 10. Bxh7 Rxh7 11. Qd3 Rh8 12. a3 Bd6 13. Ne2 Qe7 14. O-O-O O-O-O 15. h5 Kb8 16. Kb1 Rhe8 17. Rhe1 e5 18. dxe5 Bxe5 19. Qf5 Qf6 20. Qxf6 Bxf6 21. Rd3 Ne5 22. Bxe5 Rxe5 23. Red1 c6 24. c4 Rxh5 25. Nf4 Rh2 26. cxd5 c5 27. R3d2 g5 28. Nd3 Rxd5 29. e4 Rxd3 30. Rxd3 Rxg2 31. R3d2 Rxd2 32. Rxd2 Kc7 33. b4 cxb4 34. axb4 Be5 35. Kc2 h5 36. Kb3 h4 37. Kc4 h3 38. Rd1 f6 39. Kc5 a6 40. Kd5 Kb6 41. Ke6 Kb5 42. Rd7 b6 43. Rh7 h2 44. f4 gxf4 45. Rxh2 Kxb4 46. Kd5 a5 47. Rh1 a4 48. Rb1+ Kc3 49. Rxb6 f3 50. Rc6+ Kd2 0-1

[Event "2BLS 2324 SV 1920 Hofheim - SC Viernheim"]
[Site "?"]
[Date "2024.02.03"]
[Round "5.6"]
[White "Womacka, Mathias"]
[Black "Meinhardt, Maximilian"]
[Result "1/2-1/2"]
[WhiteElo "2355"]
[BlackElo "2369"]
[PlyCount "32"]
[EventDate "2024.??.??"]

1. e4 e6 2. d4 d5 3. Nd2 Nc6 4. Ngf3 Nf6 5. e5 Nd7 6. Bd3 Nb4 7. Be2 c5 8. c3 Nc6 9. O-O cxd4 10. cxd4 f6 11. exf6 Nxf6 12. Nb3 Bd6 13. Bg5 O-O 14. Bh4 Qb6 15. Bg3 Be7 16. Ne5 a5 {(=)} 1/2-1/2

[Event "2BLS 2324 SV 1920 Hofheim - SC Viernheim"]
[Site "?"]
[Date "2024.02.03"]
[Round "5.7"]
[White "Lanka, Zigurds"]
[Black "Plenca, Julijan"]
[Result "1/2-1/2"]
[WhiteElo "2358"]
[BlackElo "2433"]
[PlyCount "127"]
[EventDate "2024.??.??"]

1. e4 c5 2. Nc3 Nc6 3. Bb5 Nd4 4. Nf3 a6 5. Bd3 Nc6 6. Be2 g6 7. d4 cxd4 8. Nxd4 Bg7 9. Be3 d6 10. O-O Nf6 11. Nb3 O-O 12. f4 b5 13. Bf3 Bb7 14. Qe1 Qc8 15. Nd5 Nd7 16. Na5 Re8 17. Nxb7 Qxb7 18. Rb1 e6 19. Nb4 Nd4 20. Bxd4 Bxd4+ 21. Kh1 Qb6 22. e5 Rac8 23. c3 Bc5 24. Rd1 Bxb4 25. cxb4 d5 26. Qd2 Rc7 27. Rde1 Rc4 28. a3 Qd4 29. Qe2 Rec8 30. Rd1 Qb6 31. g3 Rc2 32. Rd2 Qc7 33. Rfd1 Nb6 34. Kg2 Rxd2 35. Rxd2 Nc4 36. Rd3 Qa7 37. Kh3 Rc7 38. Rc3 Qd4 39. Qe1 Rd7 40. Qc1 Kg7 41. b3 Nb6 42. Kg2 Ra7 43. h4 Nd7 44. h5 g5 45. h6+ Kxh6 46. Rc8 Kg7 47. f5 h6 48. f6+ Nxf6 49. exf6+ Kxf6 50. Rh8 Kg6 51. Qc8 Kf5 52. Qc2+ Ke5 53. Rxh6 Kd6 54. Qc8 Qd2+ 55. Kh1 Rc7 56. Qf8+ Ke5 57. Qh8+ Kd6 58. Qd8+ Kc6 59. Rh8 Qf2 60. Qa8+ Kd6 61. Qf8+ Kc6 62. Qa8+ Kd6 63. Qd8+ Kc6 64. Qa8+ 1/2-1/2

[Event "2BLS 2324 SV 1920 Hofheim - SC Viernheim"]
[Site "?"]
[Date "2024.02.03"]
[Round "5.8"]
[White "Zude, Arno"]
[Black "Engemann, Till"]
[Result "1-0"]
[WhiteElo "2330"]
[BlackElo "2090"]
[PlyCount "81"]
[EventDate "2024.??.??"]

1. e4 e6 2. d4 d5 3. e5 c5 4. c3 Nc6 5. Nf3 Bd7 6. Be2 Nge7 7. Na3 cxd4 8. cxd4 Nf5 9. Nc2 Qb6 10. O-O Na5 11. Re1 Bb5 12. Bxb5+ Qxb5 13. Ne3 Nxe3 14. Rxe3 Be7 15. Ne1 Rc8 16. Rh3 Rc4 17. b3 Rc7 18. Qg4 g6 19. Bh6 Nc6 20. Qf4 Qb6 21. Nf3 Rg8 22. Rd1 Qa6 23. Ng5 Bxg5 24. Bxg5 Qe2 25. Rf1 Qe4 26. Qf6 Qf5 27. Rxh7 Qxf6 28. Bxf6 Nxd4 29. g4 Rc2 30. Rd1 Rc1 31. Rxc1 Ne2+ 32. Kf1 Nxc1 33. h4 Nxa2 34. h5 gxh5 35. gxh5 Nc3 36. f3 d4 37. h6 Nd5 38. Rh8 Rxh8 39. Bxh8 Kf8 40. h7 Ne7 41. Bf6 1-0

[Event "2BLS 2324 TSV Schönaich - Heilbronner S"]
[Site "?"]
[Date "2024.02.04"]
[Round "6.1"]
[White "Baenziger, Fabian"]
[Black "Koelle, Tobias"]
[Result "1/2-1/2"]
[WhiteElo "2408"]
[BlackElo "2456"]
[PlyCount "141"]
[EventDate "2024.??.??"]

1. d4 Nf6 2. c4 e6 3. Nf3 d5 4. g3 Bb4+ 5. Bd2 a5 6. Bg2 O-O 7. O-O dxc4 8. Qc1 Bxd2 9. Qxd2 b5 10. Ne5 Ra6 11. a4 c6 12. Nc3 Nfd7 13. Qe3 Nxe5 14. dxe5 Qb6 15. Qxb6 Rxb6 16. axb5 cxb5 17. Rxa5 b4 18. Na4 Ra6 19. Rxa6 Bxa6 20. Nc5 Bb5 21. Nb7 c3 22. bxc3 bxc3 23. Rc1 Bxe2 24. Rxc3 Nd7 25. f4 Rb8 26. Rc7 Nf8 27. Be4 Bh5 28. Nd6 f6 29. exf6 gxf6 30. f5 Bg4 31. fxe6 Bxe6 32. Re7 Rb6 33. Nf5 Bxf5 34. Bxf5 Ng6 35. Rc7 Rb8 36. h4 Re8 37. h5 Re7 38. Rc8+ Nf8 39. h6 Kf7 40. Bd3 Rd7 41. Bf5 Re7 42. Kg2 Re8 43. Rc7+ Re7 44. Rc2 Re5 45. g4 Re7 46. Kf2 Re8 47. Rc6 Re7 48. Bd3 Rd7 49. Ke3 Re7+ 50. Kf2 Rd7 51. Be4 Rd2+ 52. Kg3 Rd7 53. Bc2 Rb7 54. Rc8 Ke7 55. Kh4 Ra7 56. Kg3 Rb7 57. Kf2 Kf7 58. Bd3 Rb2+ 59. Ke3 Rb7 60. Bc4+ Ke7 61. Ke4 Ra7 62. Bd5 Ra4+ 63. Rc4 Rxc4+ 64. Bxc4 Ne6 65. Ba2 Ng5+ 66. Kf5 Nf7 67. Bxf7 Kxf7 68. g5 fxg5 69. Kxg5 Kg8 70. Kf6 Kh8 71. Kf7 1/2-1/2

[Event "2BLS 2324 TSV Schönaich - Heilbronner S"]
[Site "?"]
[Date "2024.02.04"]
[Round "6.2"]
[White "Deuer, Marius"]
[Black "Stijve, Theo"]
[Result "1/2-1/2"]
[WhiteElo "2421"]
[BlackElo "2348"]
[PlyCount "51"]
[EventDate "2024.??.??"]

1. d4 d5 2. c4 e6 3. Nc3 Nf6 4. cxd5 exd5 5. Bg5 c6 6. e3 Be7 7. Bd3 O-O 8. Nge2 Nbd7 9. O-O Ne4 10. Bxe7 Qxe7 11. Bxe4 dxe4 12. Ng3 Nf6 13. Qc2 Re8 14. Rfd1 h5 15. h3 h4 16. Nge2 Rd8 17. Rd2 Bf5 18. Rdd1 Rac8 19. d5 Nxd5 20. Nxd5 Rxd5 21. Rxd5 cxd5 22. Qd2 Be6 23. Rc1 Rxc1+ 24. Qxc1 Qb4 25. b3 b6 26. Nd4 1/2-1/2

[Event "2BLS 2324 TSV Schönaich - Heilbronner S"]
[Site "?"]
[Date "2024.02.04"]
[Round "6.3"]
[White "Fecker, Noah"]
[Black "Diaz Camallonga, Carles"]
[Result "1/2-1/2"]
[WhiteElo "2389"]
[BlackElo "2488"]
[PlyCount "96"]
[EventDate "2024.??.??"]

1. e4 e6 2. d4 d5 3. e5 c5 4. c3 Nc6 5. Nf3 Bd7 6. Be2 Nge7 7. Na3 cxd4 8. cxd4 Nf5 9. Nc2 Qb6 10. O-O Na5 11. Re1 Bb5 12. Bxb5+ Qxb5 13. Ne3 Nxe3 14. Rxe3 Rc8 15. Ne1 Nc6 16. h4 Qb6 17. Rd3 Qd8 18. h5 h6 19. Bd2 Bb4 20. Qg4 Kf8 21. Bc3 Kg8 22. Rg3 Qg5 23. Qe2 Qe7 24. Qg4 Qg5 25. Qe2 Qe7 26. Rd1 Rc7 27. Rdd3 Bxc3 28. bxc3 Kh7 29. f4 Qd7 30. Rdf3 Ne7 31. Qd3+ Nf5 32. Rh3 Rhc8 33. Qb1 Kg8 34. g4 Nxd4 35. cxd4 Rc1 36. Qb4 R8c4 37. Qd2 Qa4 38. Ra3 Qc6 39. Rhe3 Qb6 40. Rab3 Qxd4 41. Qxd4 Rxd4 42. Kh2 Rxf4 43. Nd3 Rc2+ 44. Kg3 Rf1 45. Rxb7 Rg1+ 46. Kh3 Rh1+ 47. Kg3 Rg1+ 48. Kh3 Rh1+ 1/2-1/2

[Event "2BLS 2324 TSV Schönaich - Heilbronner S"]
[Site "?"]
[Date "2024.02.04"]
[Round "6.4"]
[White "Korneev, Oleg"]
[Black "Zuferi, Enis"]
[Result "1-0"]
[WhiteElo "2478"]
[BlackElo "2412"]
[PlyCount "135"]
[EventDate "2024.??.??"]

1. e4 c5 2. Nf3 e6 3. c3 d5 4. exd5 exd5 5. d4 Nc6 6. Bb5 Bd6 7. O-O Nf6 8. Re1+ Be6 9. Bg5 O-O 10. Nbd2 Qb6 11. Bxc6 bxc6 12. Bxf6 gxf6 13. Nb3 c4 14. Nc5 Rae8 15. Qd2 Kg7 16. b4 cxb3 17. axb3 Bxc5 18. dxc5 Qxc5 19. b4 Qc4 20. Rxa7 Bg4 21. Nd4 c5 22. bxc5 Qxc5 23. Raa1 Bd7 24. h3 Qc7 25. Rad1 h6 26. Ne2 Re5 27. Nf4 Bc6 28. Re3 Rfe8 29. Rg3+ Rg5 30. h4 Rxg3 31. fxg3 Qb6+ 32. Kh2 Qe3 33. Nh5+ Kg6 34. Nf4+ Kg7 35. Nh5+ Kg6 36. Qc2+ Qe4 37. Nf4+ Kg7 38. Nh5+ Kg6 39. Nf4+ Kg7 40. Qf2 Re5 41. Rd4 Qf5 42. Rb4 Re4 43. Qc5 Bd7 44. Qd6 Re5 45. Rb8 Be8 46. Rd8 Re1 47. Qb8 Qe5 48. Qxe5 Rxe5 49. Rxd5 Bc6 50. Rd6 Rc5 51. g4 Rxc3 52. Nh5+ Kf8 53. Rxf6 Rc2 54. Rxh6 Rxg2+ 55. Kh3 Rc2 56. Rd6 Rc3+ 57. Kh2 Bf3 58. Nf6 Ke7 59. Rb6 Bc6 60. g5 Rc2+ 61. Kg3 Rc3+ 62. Kf4 Ke6 63. h5 Rc4+ 64. Ke3 Kf5 65. h6 Kxg5 66. h7 Rh4 67. Rxc6 Kg6 68. Rc8 1-0

[Event "2BLS 2324 TSV Schönaich - Heilbronner S"]
[Site "?"]
[Date "2024.02.04"]
[Round "6.5"]
[White "Wenninger, Philipp"]
[Black "Menezes, Christoph"]
[Result "1/2-1/2"]
[WhiteElo "2355"]
[BlackElo "2381"]
[PlyCount "39"]
[EventDate "2024.??.??"]

1. d4 Nf6 2. c4 e6 3. g3 d5 4. Nf3 Be7 5. Bg2 O-O 6. O-O dxc4 7. Qc2 a6 8. Qxc4 b5 9. Qc2 Bb7 10. Bd2 Be4 11. Qc1 c6 12. Be3 Nbd7 13. Nc3 Bd5 14. Nxd5 cxd5 15. Ne5 Nxe5 16. dxe5 Rc8 17. Qd2 Ne4 18. Bxe4 dxe4 19. Qxd8 Rfxd8 20. Rac1 1/2-1/2

[Event "2BLS 2324 TSV Schönaich - Heilbronner S"]
[Site "?"]
[Date "2024.02.04"]
[Round "6.6"]
[White "Kocharin, Timur"]
[Black "Degenhard, Simon"]
[Result "1-0"]
[WhiteElo "2216"]
[BlackElo "2233"]
[PlyCount "71"]
[EventDate "2024.??.??"]

1. e4 c5 2. Nf3 d6 3. c3 Nf6 4. h3 g6 5. Bd3 Bg7 6. O-O O-O 7. Bc2 e5 8. d4 exd4 9. cxd4 Nc6 10. Re1 cxd4 11. Nxd4 Nxd4 12. Qxd4 Re8 13. Qd1 Qb6 14. Nc3 Bd7 15. Rb1 Rad8 16. Bb3 Bc6 17. Bg5 h6 18. Nd5 Bxd5 19. Bxf6 Bxf6 20. Bxd5 Rc8 21. Re3 Re7 22. Qg4 Rec7 23. Qxg6+ Bg7 24. Rf3 Rf8 25. Rg3 Qd4 26. Qxd6 Rc2 27. Qf4 Kh8 28. Rc1 Rxb2 29. Qe3 Qb4 30. a3 Qd6 31. Rf3 b6 32. g3 Qe7 33. Rc6 Rb1+ 34. Kg2 f6 35. Qc3 f5 36. Rxh6# 1-0

[Event "2BLS 2324 TSV Schönaich - Heilbronner S"]
[Site "?"]
[Date "2024.02.04"]
[Round "6.7"]
[White "Pogan, Nikolas"]
[Black "Beyer, Christian"]
[Result "1/2-1/2"]
[WhiteElo "2204"]
[BlackElo "2227"]
[PlyCount "62"]
[EventDate "2024.??.??"]

1. d4 d5 2. c4 e6 3. Nf3 c5 4. cxd5 exd5 5. g3 Nc6 6. Bg2 Nf6 7. O-O Be7 8. dxc5 Bxc5 9. a3 Ne4 10. b4 Be7 11. Nfd2 f5 12. Nxe4 dxe4 13. Bb2 Qxd1 14. Rxd1 Kf7 15. g4 fxg4 16. e3 Be6 17. Nd2 Rhd8 18. Nxe4 Rac8 19. Rac1 Rxd1+ 20. Rxd1 Rd8 21. Rxd8 Nxd8 22. Be5 Bd7 23. Bb8 a6 24. Nd6+ Bxd6 25. Bxd6 Bc6 26. Bf1 Ke6 27. Bc7 Nf7 28. h3 Ng5 29. hxg4 Nf3+ 30. Kg2 Nd2+ 31. Kg1 Nf3+ 1/2-1/2